Statistics for General Knowledge for pookster burge 50 questions

Click here to take the quiz!

General Stats

  • This quiz has been taken 2 times
  • The average score is 27 of 51

Answer Stats

QuestionAnswer% Correct
Which of the following is a bolt?
100%
Which of the following is a washer?
100%
What is the difference between a machine screw and a wood screw?A machine screw has a flat tip, unlike a wood screw, which has a pointy tip.
100%
Who is the first president of the U.S.?George Washington
100%
In Fortnite, what scope is the 2x zoom optic?P2X Optic
100%
Which of the following is not a tree?Plywood
100%
Which is the Chinese flag?
50%
How many stripes are there on the U.S. flag?13
50%
Japan got bombed how many times?2 times
50%
In a Fortnite squad, one flowberry fizz heals how much shield total if the whole team is using it?400
50%
How many rings are on the Olympic flag?5
50%
***HARD*** What is the minimum pitch angle for a pitched roof?5%
50%
In Fortnite, how many medallions are there?5
50%
A right angle is...90 degrees
50%
***HARD*** What kind of internally threaded galvanized fitting is used to close the end of an externally threaded pipe?Cap
50%
The v-neck ugly sweater is used and worn most in which of the following holidays?Christmas
50%
If you are a bad boy, you get what from Santa?Coal
50%
In Fortnite, what scope is the 4x zoom optic?Eagle eye
50%
Taiwan is communist.False
50%
Japan is communist.False
50%
Insulin can cause diabetes.False
50%
T or F: Tomatoes are native to Italy.False
50%
What is the atomic sign for the element Helium on the periodic table?He
50%
Japan speaks only one language. What language do they speak?Japanese
50%
Who wrote Harry Potter?J.K. Rowling
50%
In Fortnite, what is the only gun that stays the rarity "Rare", no matter what?Lock-on Pistol
50%
Taiwan speaks many languages. What is the main one?Mandarin
50%
Geometry is the study of...Math, algebra and shapes
50%
Bonus Question 2: Fill in the blank: _______, I'm gay.Maybe
50%
If you're a good-natured, cool, hippie vegetarian climber dude, you can't eat...Meat, anchovies, seafood, bacon
50%
If you're a blue-haired disgusting liberal sissy vegan, you can't eat...Milk, eggs, shrimp
50%
Creatine, protein, glucose, and carbon monoxide are COLLECTIVELY all examples of what?Molecules
50%
In Fortnite, what gun does Montague give?Mythic AR
50%
In Fortnite, what gun does Oscar give?Mythic Auto-shotgun
50%
What is the name of Mickey Mouse's pet doge?Pluto
50%
Unmedicated shampoo...Removes oils from the hair and scalp
50%
In Fortnite, which of the following does not get disabled when hit by a shield breaker EMP?Satelite
50%
The "m" in the equation y = mx + b means...Slope
50%
Geography is the study of...The world and borders and stuff
50%
Geology is the study of...The world's rocks, volcanoes, earthquakes and shit
50%
Glucose can cause diabetes.True
50%
China is communist.True
50%
Taiwan and the U.S.A. are allies.True
50%
Japan got bombed by the U.S.A.True
50%
What programming engine does Fortnite run on?Unreal Engine
50%
In Fortnite, what color is the rarity "Mythic"?Yellow
50%
The "b" in the equation y = mx + b means...Y-intercept
50%
In Fortnite, what scope is the 1.3x zoom optic?Holo-13 Optic
0%
Conditioner...Moisturizes the hair
0%
Bonus Question: What did Russell Burge cry about like a wus-pus in kindergarten?Poor baby ass Russell ran out of water to drink
0%
Singapore is not a county of China.True
0%

Score Distribution

Percentile by Number Answered

Percent of People with Each Score

Your Score History

You have not taken this quiz